000 00669nam a2200265Ia 4500
005 20260121170012.0
008 008 260114s9999 xx 000 0 eng d
020 _a9789401774789
037 _aEBOOK
040 _aCRL
040 _beng
040 _cCRL
041 _2eng
041 _aeng
084 _qCRL
100 _aAntonio Maffucci, Sergey A. Maksimenko
_91058609
245 0 _aFundamental and Applied Nano-Electromagnetics
260 _bSpringer
260 _bSpringer
260 _c2016
856 _uhttps://link.springer.com/openurl?genre=book&isbn=978-94-017-7478-9
942 _cEBOOK
999 _c1624338
_d1624338